[Event "TCh-SRB Premier Women"]
[Site "Valjevo SRB"]
[Date "2011.09.01"]
[Round "6.1"]
[White "Babic,Marijana"]
[Black "Zecevic,S"]
[Result "1-0"]
[WhiteElo "2147"]
[BlackElo "1793"]

1.e4 c5 2.Nf3 Nc6 3.Bb5 g6 4.Bxc6 dxc6 5.d3 Bg7 6.h3 e5 7.Nc3 Ne7 8.Be3 b6
9.Qd2 f6 10.O-O-O Be6 11.Ng1 O-O 12.f4 f5 13.fxe5 fxe4 14.Nxe4 Bxe5 15.Bh6 Bg7
16.Bxg7 Kxg7 17.Nf3 Nf5 18.Kb1 Bd5 19.Qc3+ Kg8 20.h4 Ne3 21.Rdg1 Bxe4 22.dxe4 Ng4
23.h5 Qf6 24.e5 Qe6 25.hxg6 hxg6 26.Ng5 Qxe5 27.Qc4+ Qd5 28.Qxg4 Qd4 29.Qe6+  1-0

[Event "1st Alghero Open"]
[Site "Alghero ITA"]
[Date "2011.09.02"]
[Round "8.10"]
[White "Magrini,F"]
[Black "Bonafede,A"]
[Result "1/2-1/2"]
[WhiteElo "2167"]
[BlackElo "2364"]

1.e4 c5 2.Nf3 Nc6 3.Bb5 e5 4.Bxc6 dxc6 5.d3 Bd6 6.Nbd2 Ne7 7.Nc4 Ng6 8.Be3 Qe7
9.Qd2 Bc7 10.a4 Bg4 11.Ng1 O-O 12.f3 Be6 13.Qf2 b6 14.Ne2 Nf4 15.Ng3 h5 16.O-O h4
17.Bxf4 exf4 18.Nf5 Bxf5 19.exf5 Qg5 20.h3 Rad8 21.Rfe1 Rd5 22.Re4 b5 23.Nd2 c4
24.d4 a5 25.c3 Rxf5 26.Qe2 Rd5 27.axb5 cxb5 28.Re7 Bd8 29.Re8 g6 30.Re1 Rxe8
31.Qxe8+ Kg7 32.Qc6 Qf5 33.Re4 Qd7 34.Qxd7 Rxd7 35.Re5 Rb7 36.Kf1 a4 37.Ke2 Re7
38.Nb1 b4 39.cxb4 Rd7 40.Nc3 Bf6 41.Ra5 Bxd4 42.Nd1 Re7+ 43.Kd2 Rb7 44.Rxa4 Rb5
45.Ke2 Kf8 46.Nc3 Re5+ 47.Kf1 Re3 48.b5 Bxc3 49.bxc3 Rxc3 50.b6 Rb3 51.Rxc4 Rxb6
52.Rxf4  1/2-1/2

[Event "10th Izmir Open"]
[Site "Izmir TUR"]
[Date "2011.09.02"]
[Round "2"]
[White "Vatansever,Berk"]
[Black "Ersahin,B"]
[Result "0-1"]
[WhiteElo "1704"]
[BlackElo "2160"]

1.e4 c5 2.Nf3 Nc6 3.Bb5 e6 4.c3 Nge7 5.O-O a6 6.Ba4 b5 7.Bc2 d5 8.d4 cxd4
9.Nxd4 Bb7 10.Nb3 Rc8 11.Nc5 Ba8 12.a4 b4 13.Be3 a5 14.Qe2 d4 15.Rd1 e5 16.Nb3 Qc7
17.cxd4 Nxd4 18.Nxd4 exd4 19.Bb3 dxe3 20.Qxe3 Ng6 21.Nd2 Bc5 22.Qd3 O-O 23.g3 Ne5
24.Qe2 Qe7 25.Rac1 Rfd8 26.Nf1 g6 27.Kg2 Nc6  0-1

[Event "TCh-SRB Premier Women"]
[Site "Valjevo SRB"]
[Date "2011.09.02"]
[Round "7.1"]
[White "Mladenovic,J"]
[Black "Dragojevic,Ma"]
[Result "1-0"]
[WhiteElo "2116"]
[BlackElo "1958"]

1.e4 c5 2.Nf3 Nc6 3.Bb5 g6 4.Bxc6 dxc6 5.d3 Bg7 6.Nc3 e5 7.Be3 b6 8.Qd2 f6
9.h4 Be6 10.O-O-O Qd7 11.Kb1 O-O-O 12.Na4 Kb8 13.Qc3 Ne7 14.h5 g5 15.h6 Bf8
16.Nxe5 Qd6 17.Nf3 Rg8 18.e5 fxe5 19.Qxe5 Qxe5 20.Nxe5 Kb7 21.Bxc5 Rd5 22.Bxe7 Bxe7
23.Rde1 Bf6 24.Nf3 Bf7 25.Nc3 Ra5 26.a3 g4 27.Nd2 Bg6 28.Nce4 Bd8 29.Nc4 Rd5
30.Ne3 Rd4 31.Nc4 Rd5 32.Re3 Bh5 33.Ng3 Bg6 34.Ne5 Be8 35.Nxg4 Bd7 36.Ne5 Bc8
37.Nf3 Rd6 38.Re4 Rgg6 39.Re8 Kc7 40.Ne4 Rxh6 41.Rxh6 Rxh6 42.Nfg5 Rg6 43.Nf7 Bf6
44.Nxf6 Rxf6 45.Re7+ Kb8 46.f3 h5 47.Kc1 Rg6 48.Ne5 Rh6 49.Kd2 Bb7 50.Ke3  1-0

[Event "15th Cesenatico Open"]
[Site "Cesenatico ITA"]
[Date "2011.09.03"]
[Round "1"]
[White "Mrdja,M"]
[Black "Mandolini,R"]
[Result "1-0"]
[WhiteElo "2402"]
[BlackElo "2116"]

1.e4 c5 2.Nf3 Nc6 3.Bb5 g6 4.h3 Bg7 5.Bxc6 bxc6 6.e5 f6 7.Qe2 fxe5 8.Nxe5 d6
9.Ng4 Nf6 10.d3 O-O 11.Nxf6+ Bxf6 12.Nc3 Rb8 13.O-O Qa5 14.Ne4 Bxb2 15.Rb1 Qxa2
16.Nc3 Qa3 17.Rxb2  1-0

[Event "VII Ugra Governor's Cup"]
[Site "Khanty-Mansiysk RUS"]
[Date "2011.09.03"]
[Round "4"]
[White "Mezhevov,Valentin"]
[Black "Ivanets,V RUS"]
[Result "1/2-1/2"]
[WhiteElo "2013"]
[BlackElo "2188"]

1.e4 c5 2.Nf3 Nc6 3.Bb5 Na5 4.O-O a6 5.Be2 Nc6 6.d4 cxd4 7.Nxd4 Qc7 8.Nc3 e6
9.Be3 b5 10.Qd2 Nf6 11.f4 b4 12.Na4 Nxe4 13.Qd3 Nc5 14.Nxc5 Bxc5 15.Kh1 Be7
16.Nxc6 dxc6 17.Bd4 O-O 18.Rf3 Rd8 19.Rh3 h6 20.Qe3 Rxd4 21.Qxd4 e5 22.Qxe5 Qxe5
23.fxe5 Bxh3 24.gxh3 a5 25.Bc4 Ra7 26.Rf1 Bg5 27.e6 fxe6 28.Bxe6+ Kh7 29.Rf7 Rxf7
30.Bxf7 g6 31.a4 bxa3 32.bxa3 Kg7 33.Be8 c5 34.Kg2 a4 35.Bxa4 Bc1 36.c4 Bxa3
37.Bc6 Bb2 38.Be4 Be5 39.Bd5 Kf6 40.Be4 h5  1/2-1/2

[Event "TCh-POL Ekstraliga"]
[Site "Miedzybrodzie-Zywiec POL"]
[Date "2011.09.03"]
[Round "5.2"]
[White "Slaby,Je"]
[Black "Heberla,B"]
[Result "1-0"]
[WhiteElo "2481"]
[BlackElo "2535"]

1.e4 c5 2.Nf3 Nc6 3.Bb5 e6 4.O-O Nge7 5.c3 a6 6.Ba4 c4 7.Bc2 Ng6 8.b3 b5
9.a4 Rb8 10.axb5 axb5 11.bxc4 bxc4 12.d4 cxd3 13.Qxd3 Be7 14.Rd1 O-O 15.Ba3 Qb6
16.Bxe7 Ncxe7 17.Nbd2 Nf4 18.Qf1 Qc7 19.c4 Bb7 20.Rac1 Nc6 21.g3 Ng6 22.Qe2 Ra8
23.Qe3 Nce5 24.Bb1 Ra4 25.c5 Rfa8 26.Rc3 Ra1 27.Nxe5 Nxe5 28.Nc4 Nxc4 29.Rxc4 Bc6
30.e5 Qb7 31.Rcc1 Bh1 32.c6 Bxc6 33.Bxh7+ Kxh7 34.Rxa1 Bh1 35.Qd3+ g6 36.Qf1 Rxa1
37.Rxa1 Be4 38.h4 Qb2 39.Rd1 Bc6 40.Re1 Qb3 41.Re3 Qd5 42.f3 Qd4 43.Qf2 Qd1+
44.Kh2 Qd4 45.Re2 Qd5 46.Qe3 Kg7 47.Rf2 Kf8 48.Qf4 Qb3 49.Kg2 Qb1 50.g4 Bd5
51.h5 gxh5 52.gxh5 Qh7 53.Qg5 Qg7 54.Qxg7+ Kxg7 55.Kg3 Kh6 56.Kh4 Bb3 57.f4 Bd1
58.f5 exf5 59.Rxf5 Bb3 60.Rf6+ Kh7 61.Kg5 Kg7 62.h6+ Kh7 63.Rf4 Be6 64.Rh4 Bd5
65.Kf6 Bb3 66.Ke7 Be6 67.Rh2  1-0

[Event "TCh-POL Ekstraliga"]
[Site "Miedzybrodzie-Zywiec POL"]
[Date "2011.09.03"]
[Round "5.4"]
[White "Pedzich,D"]
[Black "Zawadzka,J"]
[Result "1-0"]
[WhiteElo "2418"]
[BlackElo "2400"]

1.e4 c5 2.Nf3 Nc6 3.Bb5 e6 4.O-O Nge7 5.Re1 a6 6.Bxc6 Nxc6 7.d4 cxd4 8.Nxd4 Qc7
9.Nxc6 bxc6 10.c4 Bd6 11.Qh5 Be5 12.Nd2 d6 13.Nf3 c5 14.Nxe5 dxe5 15.Bg5 Bb7
16.Rad1 O-O 17.f3 f6 18.Be3 Rfd8 19.Qg4 Kf7 20.Qh4 h6 21.Qf2 Rxd1 22.Rxd1 Rd8
23.Rxd8 Qxd8 24.h3 Qd3 25.b3 f5 26.exf5 exf5 27.Bxc5 Ke6 28.Bb4 Qd8 29.Qa7 Qc7
30.Qe3 Kf6 31.Bc3 g5 32.f4 gxf4 33.Qxf4 Kg6 34.Bxe5 Qd7 35.Qg3+ Kh7 36.Kh2 Be4
37.a4 Bc6 38.Bc3 Qf7 39.Be5 Qd7 40.a5 Qf7 41.b4 Qb7 42.Qd3 Qd7 43.Qe3 Qf7
44.Qe2 Qd7 45.Bf4 Kg6 46.Qe5 h5 47.Qh8 Qg7 48.Qc8 Be4 49.Qe8+ Qf7 50.Qxf7+ Kxf7
51.b5 axb5 52.cxb5 Bd3 53.b6 Ba6 54.Kg3 Bb7 55.Be5 Ke6 56.Kf4 Kd5 57.Kxf5 Kc5
58.g4 hxg4 59.hxg4 Kb4 60.g5 Kxa5 61.Bd4 Ka6 62.g6  1-0

[Event "TCh-POL Ekstraliga"]
[Site "Miedzybrodzie-Zywiec POL"]
[Date "2011.09.03"]
[Round "6.3"]
[White "Rozentalis,E"]
[Black "Orzech,D"]
[Result "1-0"]
[WhiteElo "2573"]
[BlackElo "2426"]

1.e4 c5 2.Nf3 Nc6 3.Bb5 Nf6 4.e5 Nd5 5.Nc3 Nc7 6.Bxc6 dxc6 7.d3 Bg4 8.h3 Bxf3
9.Qxf3 e6 10.O-O Be7 11.Qg3 O-O 12.Ne4 Kh8 13.c4 f5 14.exf6 gxf6 15.Be3 Rg8
16.Qf3 b6 17.Rad1 e5 18.Qf5 Qc8 19.Qxc8 Raxc8 20.f4 exf4 21.Bxf4 Ne6 22.Rde1 Rcd8
23.Bh2 Kg7 24.Nf2 Kf7 25.Ng4 Rxg4 26.hxg4 Rxd3 27.Be5 b5 28.cxb5 cxb5 29.Re2 Ng5
30.Bc3 Bd8 31.Rd2 Rxd2 32.Bxd2 Ne4 33.Be3 Ke6 34.Rf5 Bc7 35.Rh5 Be5 36.b3 a5
37.Rxh7 Kd5 38.Kf1 c4 39.Ra7 Bc3 40.Ke2 Bb4 41.bxc4+ bxc4 42.a3 Bxa3 43.Rxa5+ Bc5
44.Kd1 c3 45.Kc2 Kc4 46.Bxc5 Nxc5 47.Rxc5+ Kxc5 48.Kxc3 Kd5 49.Kd3 Ke5 50.Ke3 f5
51.Kf3 Kf6 52.Kf4 fxg4 53.Kxg4 Kg6 54.g3  1-0

[Event "ch-POR Final"]
[Site "Amadora POR"]
[Date "2011.09.04"]
[Round "2"]
[White "Cordovil,J"]
[Black "Dias,P"]
[Result "0-1"]
[WhiteElo "2184"]
[BlackElo "2443"]

1.e4 c5 2.Nf3 Nc6 3.Bb5 g6 4.O-O Bg7 5.c3 e5 6.d3 d6 7.Nbd2 Ne7 8.Re1 O-O
9.Nf1 a6 10.Ba4 b5 11.Bb3 h6 12.Ne3 Kh8 13.Nd5 Be6 14.Nxe7 Qxe7 15.Bxe6 Qxe6
16.Be3 f5 17.exf5 Qxf5 18.Nh4 Qf6 19.Qg4 Kh7 20.Nf3 Qf5 21.Qe4 Rac8 22.Rad1 b4
23.Qh4 Qh5 24.Qxh5 gxh5 25.Nd2 Rf7 26.Ne4 Bf8 27.Rf1 d5 28.Ng3 h4 29.Ne2 bxc3
30.bxc3 Rb8 31.f4 Rb2 32.Rd2 Rxd2 33.Bxd2 e4 34.dxe4 dxe4 35.Rb1 Na5 36.Be1 Rd7
37.Bxh4 Rd2 38.Ng3 e3 39.Ne4 Rxa2 40.g4 Bg7 41.Nxc5 Bxc3 42.Ne6 e2 43.Be1 Bxe1
44.Rxe1 Nb3 45.Kf2 a5 46.Rxe2 Rxe2+ 47.Kxe2 a4 48.Kd3 a3 49.Nc5 Nxc5+ 50.Kc2 Nd3  0-1

[Event "20th TCh-CRO w"]
[Site "Sibenik CRO"]
[Date "2011.09.04"]
[Round "1.2"]
[White "Samanic,Verena"]
[Black "Deur,Z"]
[Result "0-1"]
[WhiteElo "1626"]
[BlackElo "2069"]

1.e4 c5 2.Nf3 Nc6 3.Bb5 e6 4.O-O Nge7 5.d4 cxd4 6.Nxd4 Qb6 7.Bxc6 Nxc6 8.Nxc6 Qxc6
9.Re1 d6 10.b3 Be7 11.Bb2 O-O 12.Re3 e5 13.c4 Be6 14.Nc3 f5 15.Nd5 Bxd5 16.cxd5 Qb6
17.exf5 Rxf5 18.Rf3 Rxf3 19.Qxf3 Rf8 20.Qe3 Qa5 21.Qd3 Qc5 22.Rf1 Bg5 23.h3 g6
24.Bc3 a5 25.Bd2 Bxd2 26.Qxd2 Rf4 27.Rc1 Rxf2 28.Rxc5 Rxd2 29.Rxa5 Kf8 30.a4 e4
31.Rb5 e3 32.a5 Rd1+ 33.Kh2 e2  0-1

[Event "10th Sunny Beach Open"]
[Site "Sunny Beach BUL"]
[Date "2011.09.04"]
[Round "9.7"]
[White "Kjurkchiiski,G"]
[Black "Spasov,V"]
[Result "0-1"]
[WhiteElo "2241"]
[BlackElo "2591"]

1.e4 c5 2.Nf3 Nc6 3.Bb5 Nf6 4.e5 Nd5 5.O-O Nc7 6.Bxc6 dxc6 7.h3 Bf5 8.d3 e6
9.Bg5 Qd7 10.Nbd2 h6 11.Be3 Nd5 12.Re1 Be7 13.Ne4 Nxe3 14.Rxe3 O-O 15.Qe1 Rfd8
16.Qc3 Qd5 17.b3 b5 18.a4 a6 19.Ra2 Bg6 20.Nfd2 Qd4 21.Qa1 Rac8 22.axb5 axb5
23.Ra7 Qxa1+ 24.Rxa1 Ra8 25.Ree1 f6 26.f4 fxe5 27.fxe5 Rf8 28.Nd6 Bh4 29.Rxa8 Rxa8
30.Re2 Bg3 31.Nf1 Ra1 32.Re3 Be1 33.g4 Bc3 34.Re2 Bd4+ 35.Kg2 Kf8 36.Nd2 Ra2
37.Nf3 Bxd3 38.Nxd4 Bxe2 39.Nxe2 Rxc2 40.Kf3 g5 41.Ne4 c4 42.b4 Rb2 43.Nd4 Rxb4
44.Nxe6+ Ke7 45.Nd4 Rb1 46.Nc5 Ke8 47.Nxc6 c3 48.Ne4 c2 49.e6 Re1  0-1

[Event "TCh-SRB Premier Men"]
[Site "Valjevo SRB"]
[Date "2011.09.04"]
[Round "9.5"]
[White "Vojinovic,G"]
[Black "Roganovic,Milo"]
[Result "1/2-1/2"]
[WhiteElo "2435"]
[BlackElo "2476"]

1.e4 c5 2.Nf3 Nc6 3.Bb5 g6 4.c3 a6 5.Ba4 b5 6.Bc2 d5 7.O-O Bg7 8.Re1 dxe4
9.Bxe4 Bb7 10.d4 Nf6 11.Bxc6+ Bxc6 12.dxc5 Qc7 13.Qd6 Qxd6 14.cxd6 e6 15.Ne5 Rc8
16.a4 bxa4 17.Nd2 O-O 18.Ndc4 Bb5 19.Nb6 Rb8 20.Be3 Nd5 21.Nxd5 exd5 22.Bc5 Rfe8
23.f4 Rbd8 24.Rad1 f6 25.Ng4 Be2 26.d7 Rxd7 27.Rd2 Rc8 28.Rdxe2 Rxc5 29.Re6 f5
30.Nf6+ Bxf6 31.Rxf6 a5 32.Ra6 Rb5 33.Re2 Rdb7 34.h3 Rxb2 35.Rxb2 Rxb2 36.Rxa5 d4
37.cxd4 Rb4 38.d5 Rxf4 39.Ra7 Rd4 40.d6 Rxd6 41.Rxa4 Rd3 42.Kf2 Kf7 43.h4 Kf6
44.g3 h6 45.Ra5 Rb3 46.Rc5 Rb2+ 47.Kf1 f4 48.gxf4 Rh2 49.h5 Rxh5  1/2-1/2

[Event "Yuzhny Open"]
[Site "Yuzhny UKR"]
[Date "2011.09.04"]
[Round "3.16"]
[White "Krupko,A"]
[Black "Gavriliuk,A"]
[Result "1-0"]
[WhiteElo "2232"]
[BlackElo "1864"]

1.e4 c5 2.Nf3 Nc6 3.Bb5 d6 4.O-O Bd7 5.c3 Nf6 6.Re1 a6 7.Ba4 b5 8.Bc2 Bg4
9.d3 e5 10.Nbd2 Be7 11.h3 Be6 12.Ng5 Bd7 13.Nf1 h6 14.Nf3 Qb6 15.Be3 Qb7
16.Ng3 Rd8 17.d4 cxd4 18.cxd4 exd4 19.Nxd4 Nxd4 20.Qxd4 O-O 21.Rad1 Be6 22.Nf5 Rfe8
23.Bf4 d5 24.Nxe7+ Qxe7 25.e5 Nd7 26.Re3 Qc5 27.Qd3 Nf8 28.Rg3 Kh8 29.Bxh6 g6
30.Bg5 Rc8 31.Bf6+ Kh7 32.Rg5 Bf5 33.Rxf5 gxf5 34.Qxf5+ Ng6 35.Qh5+ Kg8 36.Bxg6  1-0

[Event "Yuzhny Open"]
[Site "Yuzhny UKR"]
[Date "2011.09.04"]
[Round "3.34"]
[White "Miljutin,O"]
[Black "Rogozhnikov,Nikolay"]
[Result "1-0"]
[WhiteElo "2086"]
[BlackElo "1878"]

1.e4 c5 2.Nf3 Nc6 3.Bb5 a6 4.Bxc6 bxc6 5.d3 e6 6.O-O d5 7.e5 g6 8.Nc3 Bg7
9.Na4 Qa5 10.c4 Qc7 11.Re1 Qe7 12.b3 Rb8 13.Ba3 Qd8 14.Bxc5 Ne7 15.Nd4 Bd7
16.Bd6 Ra8 17.c5 Nc8 18.Rc1 Ra7 19.Qd2 Rb7 20.f4 Ne7 21.Nb6 O-O 22.Nxd7 Qxd7
23.Bxe7 Qxe7 24.Nxc6 Qc7 25.Nd4 a5 26.c6 Rb4 27.Qf2 Rc8 28.a3 Rb6 29.a4 Bf8
30.Nb5 Qb8 31.c7 Qb7 32.Rc2 Rc6 33.Rec1 Rxc2 34.Rxc2 Ra8 35.Kf1 Qa6 36.Qe3 Kg7
37.Ke2 Qb7 38.g4 h6 39.Qc1 d4 40.Rc6 Rc8 41.Qc4 Bb4 42.f5 gxf5 43.gxf5 exf5
44.Kf2 Qa8 45.Nxd4 Qa7 46.Ke2 Qb7 47.Nxf5+ Kf8 48.Qd5 Re8 49.d4 Qc8 50.Nxh6 Re7
51.Qd8+ Re8 52.Qf6 Qd7 53.c8=Q  1-0

[Event "9th Amantea Open"]
[Site "Amantea ITA"]
[Date "2011.09.05"]
[Round "2"]
[White "Janev,E"]
[Black "Van Eijk,S"]
[Result "1-0"]
[WhiteElo "2511"]
[BlackElo "2372"]

1.e4 c5 2.Nf3 Nc6 3.Bb5 d6 4.d4 cxd4 5.Qxd4 Bd7 6.Bxc6 Bxc6 7.Nc3 e5 8.Qd3 Be7
9.Be3 Nf6 10.Rd1 O-O 11.O-O h6 12.Rfe1 Re8 13.Bc1 Bf8 14.b3 Qa5 15.a3 a6
16.b4 Qc7 17.Nd2 Rac8 18.Bb2 Red8 19.Qe3 d5 20.exd5 Bxd5 21.Nf1 Bc4 22.Ng3 Re8
23.Nge4 Nxe4 24.Nxe4 f6 25.Qg3 Kh7 26.Bc1 Rcd8 27.Qh4 Be7 28.Qg4 Bf7 29.Qe2 Rxd1
30.Rxd1 Rd8 31.Be3 Qc4 32.Qxc4 Rxd1+ 33.Qf1 Rxf1+ 34.Kxf1 Bc4+ 35.Ke1 Bd5
36.f3 g5 37.Bc5 Bd8 38.Kd2 Kg6 39.Kd3 Bc7 40.c4 Bc6 41.Nc3 g4 42.Nd5 Bxd5
43.cxd5 gxf3 44.gxf3 f5 45.d6 Bd8 46.Kc4 e4 47.fxe4 fxe4 48.Kd5 Kf5 49.Be3 h5
50.a4 h4 51.h3 a5 52.b5 b6 53.d7 Kf6 54.Bf2 Kf5 55.Be3 Kf6 56.Kd6 Kf5 57.Kc6 Ke6
58.Bf2  1-0

[Event "Yuzhny Open"]
[Site "Yuzhny UKR"]
[Date "2011.09.05"]
[Round "5.16"]
[White "Krupko,A"]
[Black "Bylino,O"]
[Result "0-1"]
[WhiteElo "2232"]
[BlackElo "2062"]

1.e4 c5 2.Nf3 Nc6 3.Bb5 g6 4.Bxc6 dxc6 5.d3 Bg7 6.h3 Nh6 7.Nc3 f6 8.Be3 b6
9.Nd2 e5 10.f4 Nf7 11.O-O exf4 12.Bxf4 Be6 13.Qe2 O-O 14.Nf3 Qd7 15.a4 Rae8
16.a5 f5 17.axb6 axb6 18.Ra6 c4 19.Rxb6 g5 20.Be3 g4 21.hxg4 cxd3 22.Qxd3 fxg4
23.Qxd7 Bxd7 24.Nd4 Ne5 25.b3 g3 26.Nce2 Ng4 27.Rxf8+ Rxf8 28.Bd2 Nh2 29.Nf5 Bxf5
30.exf5 Re8 31.Nxg3 Bd4+ 32.Kxh2 Bxb6 33.c4 Bc7 34.Kh3 Rd8 35.Be1 Rd1 36.Bf2 Rd2
37.Be1 Rd3 38.b4 Rb3 39.b5 c5 40.Kg4 Bxg3 41.Bxg3 Rb4 42.Bc7 Rxc4+ 43.Kf3 Kf7
44.g4 Rb4 45.b6 Kf6 46.Bd8+ Ke5 47.f6 Rb3+ 48.Ke2 Ke6 49.g5 c4 50.Kd2 Rd3+  0-1

[Event "9th Amantea Open"]
[Site "Amantea ITA"]
[Date "2011.09.06"]
[Round "3"]
[White "Van Melkebeke,W"]
[Black "Scerbo,A"]
[Result "1-0"]
[WhiteElo "1926"]
[BlackElo "2080"]

1.e4 c5 2.Nf3 Nc6 3.Bb5 d6 4.Bxc6+ bxc6 5.O-O Bg4 6.h3 Bh5 7.e5 d5 8.d3 Rb8
9.Re1 e6 10.Nc3 Ne7 11.g4 Bg6 12.Na4 Nc8 13.b3 Nb6 14.Nc3 Be7 15.a4 O-O 16.a5 Nd7
17.Bd2 Qc7 18.h4 h5 19.g5 Rbe8 20.Qe2 Bd8 21.Na4 f6 22.Kg2 fxe5 23.Nxe5 Nxe5
24.Qxe5 Qxe5 25.Rxe5 Bc7 26.Re2 c4 27.bxc4 dxc4 28.dxc4 Bf5 29.f3 Rf7 30.Bb4 Rd7
31.Bc3 Kf7 32.Nc5 Rdd8 33.Rb1 Rb8 34.Rb3 Red8 35.Na6 Rxb3 36.cxb3 Bf4 37.Nb4 c5
38.Nc6 Rd3 39.Be5 Bc1 40.Nxa7 Rxb3 41.Ra2 Bd3 42.Nc8  1-0

[Event "VII Ugra Governor's Cup"]
[Site "Khanty-Mansiysk RUS"]
[Date "2011.09.06"]
[Round "7"]
[White "Vokarev,S"]
[Black "Gimadutdinov,I"]
[Result "1-0"]
[WhiteElo "2431"]
[BlackElo "2211"]

1.e4 c5 2.Nf3 Nc6 3.Bb5 g6 4.O-O Bg7 5.Re1 Nf6 6.Nc3 O-O 7.e5 Ne8 8.Bxc6 dxc6
9.h3 Nc7 10.d3 Nd5 11.Ne4 b6 12.a3 h6 13.Qe2 Bd7 14.c4 Nc7 15.b4 f5 16.exf6 exf6
17.Bb2 cxb4 18.axb4 Re8 19.Qc2 Bf5 20.Nd4 Qd7 21.Nxf5 Qxf5 22.Re3 Rf8 23.Rf3 Qe6
24.Re1 Kh8 25.Qd2 Rae8 26.Ree3 Rd8 27.Nxf6 Qxc4 28.Re7 Qh4 29.g3  1-0

[Event "TCh-POL 1st League"]
[Site "Mrzezyno POL"]
[Date "2011.09.06"]
[Round "4"]
[White "Lisowski,K"]
[Black "Kowalak,P"]
[Result "1/2-1/2"]
[WhiteElo "2192"]
[BlackElo "2152"]

1.e4 c5 2.Nf3 Nc6 3.Bb5 Nf6 4.e5 Nd5 5.Nc3 Nc7 6.Bxc6 dxc6 7.h3 g6 8.d3 Bg7
9.O-O O-O 10.Be3 Ne6 11.Ne4 b6 12.Re1 Qc7 13.Neg5 Rd8 14.Nxe6 Bxe6 15.Bf4 h6
16.Qe2 Qb7 17.Qe3 Kh7 18.Nd2 Qa6 19.Ne4 Rd4 20.Qg3 Bf5 21.Nd2 Rad8 22.Qe3 Be6
23.b3 Qa3 24.Nf3 R4d5 25.Qc1 Qxc1 26.Raxc1 a5 27.Re2 Ra8 28.Nd2 Rd7 29.Ree1 a4
30.Nc4 axb3 31.axb3 Ra2 32.Nd2  1/2-1/2

[Event "10th Izmir Open"]
[Site "Izmir TUR"]
[Date "2011.09.07"]
[Round "8"]
[White "Sahin,S"]
[Black "Ersahin,B"]
[Result "0-1"]
[WhiteElo "1949"]
[BlackElo "2160"]

1.e4 c5 2.Nf3 Nc6 3.Bb5 e6 4.O-O Nge7 5.c3 a6 6.Ba4 b5 7.Bc2 Bb7 8.Qe2 Qb6
9.Rd1 e5 10.d3 g6 11.a4 Bg7 12.Na3 O-O 13.Be3 d5 14.b4 d4 15.cxd4 cxb4 16.d5 Nd4
17.Bxd4 exd4 18.Nb1 Rfe8 19.a5 Qd6 20.Qd2 Rac8 21.Bb3 h6 22.Re1 Qc5 23.Ra2 g5
24.Rc2 Qd6 25.e5 Qd8 26.d6 Nd5 27.Nxd4 Rxc2 28.Qxc2 Qxd6 29.Nf5 Rxe5 30.Ne3 Nxe3
31.fxe3 Rxe3 32.Rxe3 Bd4 33.Bxf7+ Kxf7 34.Qf2+ Qf4 35.g3 Bxe3 36.gxf4 gxf4
37.Nd2 Bd5  0-1

[Event "VII Ugra Governor's Cup"]
[Site "Khanty-Mansiysk RUS"]
[Date "2011.09.07"]
[Round "8"]
[White "Mezhevov,Valentin"]
[Black "Levchenko,E"]
[Result "0-1"]
[WhiteElo "2013"]
[BlackElo "2173"]

1.e4 c5 2.Nf3 Nc6 3.Bb5 Nd4 4.Nxd4 cxd4 5.c3 a6 6.Be2 dxc3 7.bxc3 g6 8.d4 Bg7
9.O-O d6 10.a4 Nf6 11.Bf3 O-O 12.Be3 Nd7 13.Na3 e5 14.Qd2 f5 15.exf5 gxf5
16.Bd5+ Kh8 17.f4 Nf6 18.Bf3 e4 19.Be2 Nd5 20.c4 Nxe3 21.Qxe3 Qf6 22.Nc2 Be6
23.Rab1 Rab8 24.Rb6 Bd7 25.Rfb1 Bxa4 26.Qc1 Bxc2 27.Qxc2 Qxd4+ 28.Kh1 Qe3
29.g3 Qc5 30.Rxb7 Rxb7 31.Rxb7 d5 32.Qa4 Qf2 33.Qd1 d4 34.Bf1 d3 35.Rd7 Bd4
36.Bh3 d2 37.Rxh7+ Kxh7 38.Qh5+ Kg8 39.Qg6+ Bg7  0-1

[Event "Yuzhny Open"]
[Site "Yuzhny UKR"]
[Date "2011.09.07"]
[Round "7.13"]
[White "Bondarchuk,Sergei"]
[Black "Troshohenko,P"]
[Result "1/2-1/2"]
[WhiteElo "2309"]
[BlackElo "2200"]

1.e4 c5 2.Nf3 Nc6 3.Bb5 g6 4.O-O Bg7 5.c3 Nf6 6.e5 Nd5 7.d4 cxd4 8.cxd4 O-O
9.Nc3 Nxc3 10.bxc3 d6 11.exd6 Qxd6 12.a4 Rd8 13.Ba3 Qc7 14.Qc1 e6 15.Bxc6 Qxc6
16.Ne5 Qd5 17.Qf4 f5 18.Qh4 Re8 19.Rfe1 b6 20.c4 Qd8 21.Qxd8 Rxd8 22.Nc6 Re8
23.a5 Bb7 24.Ne5 Rec8 25.axb6 axb6 26.Reb1  1/2-1/2

[Event "15th Cesenatico Open"]
[Site "Cesenatico ITA"]
[Date "2011.09.08"]
[Round "7"]
[White "Fedorchuk,S"]
[Black "Dittmar,P"]
[Result "1/2-1/2"]
[WhiteElo "2635"]
[BlackElo "2305"]

1.e4 c5 2.Nf3 Nc6 3.Bb5 a6 4.Bxc6 dxc6 5.h3 e5 6.O-O Bd6 7.c3 Ne7 8.d4 cxd4
9.cxd4 exd4 10.Qxd4 O-O 11.b3 Be6 12.Nbd2 Ng6 13.Bb2 f6 14.Rad1 Qe7 15.Nc4 Bc5
16.Qc3 Rad8 17.Nd4 Bxd4 18.Rxd4 Rxd4 19.Qxd4 Rd8 20.Qc3 Nf4 21.Re1 Rd1 22.Kh2 Rxe1
23.Qxe1 Bxc4 24.bxc4 Nd3 25.Qe2 Nxb2 26.Qxb2 Qxe4 27.Qxb7 Qf4+ 28.Kg1 Qc1+
29.Kh2 Qf4+ 30.Kg1  1/2-1/2

[Event "TCh-POL 1st League"]
[Site "Mrzezyno POL"]
[Date "2011.09.08"]
[Round "6"]
[White "Lisowski,K"]
[Black "Jasik,K"]
[Result "1/2-1/2"]
[WhiteElo "2192"]
[BlackElo "2359"]

1.e4 c5 2.Nf3 Nc6 3.Bb5 d6 4.O-O Bd7 5.c3 Nf6 6.Re1 a6 7.Bxc6 Bxc6 8.d4 e6
9.Bg5 Be7 10.d5 Bd7 11.e5 Nxd5 12.exd6 Bxg5 13.Qxd5 Bf6 14.Qxc5 Rc8 15.Qb4 Bc6
16.Nbd2 a5 17.Qa3 O-O 18.Rad1 Qb6 19.Ne5 Bxe5 20.Rxe5 Rfd8 21.Nc4 Qa6 22.Nxa5 Bd5
23.c4 Ra8 24.b4 Qxd6 25.Re3 b6 26.cxd5 bxa5 27.b5 Qxa3 28.Rxa3 exd5 29.Kf1 Kf8
30.Ke2 Ke7 31.Rc1 d4 32.Kd3 Rd5 33.Rc7+ Ke6 34.Rc6+ Kd7 35.Rc4 Rxb5 36.Rxd4+  1/2-1/2

[Event "8th LGA Premium Cup"]
[Site "Nuernberg GER"]
[Date "2011.09.09"]
[Round "2.69"]
[White "Nuding,M"]
[Black "Schloetterer,H"]
[Result "1-0"]
[WhiteElo "2138"]
[BlackElo "1947"]

1.e4 c5 2.Nf3 Nc6 3.Bb5 Na5 4.c3 a6 5.Ba4 b5 6.Bc2 d5 7.d4 c4 8.Nbd2 e6 9.O-O Be7
10.Re1 Bb7 11.e5 g6 12.Nf1 h5 13.Bf4 Nh6 14.Qd2 Nf5 15.Bxf5 gxf5 16.Ng5 h4
17.Qe3 Rh5 18.Nh3 Kd7 19.Qf3 Qh8 20.Nd2 Nc6 21.b3 Rg8 22.Rab1 Nd8 23.Be3 Rh7
24.Kh1 Rhg7 25.Rg1 Rg4 26.Qe2 Bc6 27.f3 R4g7 28.f4 f6 29.Nf3 Nf7 30.Bf2 fxe5
31.Nxe5+ Nxe5 32.Qxe5 Bd6 33.Qe1 Rg4 34.Be3 Qh6 35.Qf2 R4g6 36.Ng5 R6g7 37.Rbe1 b4
38.cxb4 Bxb4 39.Bd2 c3 40.Bc1 Rg6 41.Nf7 Qf8 42.Ne5+ Kc7 43.Nxg6 Rxg6 44.Re3 Qh8
45.Rh3 Rg4 46.a3 Ba5 47.b4 Bb6 48.Be3 Ba4 49.Rc1 c2 50.Rxc2+ Kd7 51.Rc1 Bb5
52.Qd2 Qf6 53.Qc3 Qd8 54.Qb3 Qg8 55.Qc2 Bc4 56.a4 Qg7 57.Qd2 Bb3 58.b5 Bxa4
59.bxa6 Qf8 60.Qb2 Qb8 61.Rb1 Kc7 62.Bg1 Rxf4 63.Rc3+ Bc6 64.Qc1  1-0

[Event "9th Amantea Open"]
[Site "Amantea ITA"]
[Date "2011.09.10"]
[Round "8"]
[White "Collutiis,D"]
[Black "Rago,R"]
[Result "1-0"]
[WhiteElo "2474"]
[BlackElo "2065"]

1.e4 c5 2.Nf3 Nc6 3.Bb5 g6 4.Bxc6 dxc6 5.d3 Bg7 6.h3 e5 7.Be3 b6 8.a4 a5
9.Na3 f6 10.Nc4 Be6 11.Nfd2 Ne7 12.b4 axb4 13.a5 bxa5 14.Bxc5 O-O 15.Bb6 Qb8
16.Bxa5 Ra6 17.Nb3 Qb5 18.O-O c5 19.Bc7 Rxa1 20.Qxa1 Bxc4 21.dxc4 Qc6 22.Qa5 Rc8
23.Bd8 Kf7 24.Rd1 Bf8 25.f3 Qe6 26.Bxe7 Bxe7 27.Rd5 Qc6 28.Qa1 Ra8 29.Qd1 Ra7
30.Qd2 Kg7 31.Kh2 g5 32.Qe3 Ra2 33.Qd3 Ra7 34.Qd1 Kg6 35.Nd2 Ra2 36.Nf1 Ra7
37.Ng3 Qa6 38.f4 exf4 39.Qh5+ Kg7 40.Nf5+ Kf8 41.Qh6+ Ke8 42.Ng7+ Kf7 43.Qxh7 Bf8
44.Nf5+ Ke8 45.Qg6+ Rf7 46.Re5+  1-0

[Event "2nd Zlatni Rat Open"]
[Site "Bol CRO"]
[Date "2011.09.10"]
[Round "1.3"]
[White "Berke,A"]
[Black "Palac,M"]
[Result "0-1"]
[WhiteElo "2190"]
[BlackElo "2591"]

1.e4 c5 2.Nf3 Nc6 3.Bb5 e6 4.O-O Nge7 5.c3 a6 6.Ba4 b5 7.Bc2 Bb7 8.Qe2 Ng6
9.d4 cxd4 10.cxd4 Bd6 11.e5 Bc7 12.Nc3 O-O 13.Ng5 Qe8 14.Qh5 h6 15.Nce4 Qe7
16.Nf3 Rfc8 17.Bxh6 Nxd4 18.Nf6+ gxf6 19.Bxg6 Nxf3+ 20.gxf3 fxg6 21.Qxg6+ Kh8
22.exf6 Rg8 23.Bg7+ Rxg7 24.Qxg7+ Qxg7+ 25.fxg7+ Kxg7 26.Rfd1 Bc6 27.Rd4 Be5
28.Rg4+ Kf6 29.Kg2 Bxb2 30.Rg1 Be5 31.h4 Rh8 32.Kh3 Bxf3 33.Rg7 Be4 34.Rxd7 Bf5+
35.Kg2 Rg8+  0-1

[Event "10th African Games Women"]
[Site "Maputo MOZ"]
[Date "2011.09.10"]
[Round "6.3"]
[White "Wafa,Shrook"]
[Black "Ellappen,J"]
[Result "1-0"]
[WhiteElo "1840"]
[BlackElo "1908"]

1.e4 c5 2.Nf3 Nc6 3.Bb5 e6 4.Nc3 Nge7 5.O-O a6 6.Bxc6 Nxc6 7.d4 cxd4 8.Nxd4 d6
9.Nxc6 bxc6 10.Qg4 e5 11.Qg3 Qf6 12.f4 Qg6 13.Qd3 exf4 14.Bxf4 Be7 15.Rad1 Bg4
16.Rd2 O-O 17.Bxd6 Rfd8 18.e5 Bg5 19.Qxg6 hxg6 20.Rd3 Bf5 21.Rdf3 Rd7 22.Na4 Rb7
23.Rc3 Rc8 24.Rf2 Rb5 25.h3 Ra5 26.Nb6 Re8 27.g4 Be6 28.a4 Bd8 29.Rxc6 Bxb6
30.Rxb6 Rxa4 31.b3 Ra1+ 32.Rf1 Ra2 33.c4 Bd7 34.b4 Re6 35.b5 axb5 36.cxb5 Rb2
37.Rb7 Bxb5 38.Rfxf7 Rb1+ 39.Kh2 Rb2+ 40.Kg3 Rb3+ 41.Kh4 Rxd6 42.exd6 Bc4
43.Rxg7+ Kf8 44.Rxb3 Bxb3 45.d7  1-0

[Event "8th LGA Premium Cup"]
[Site "Nuernberg GER"]
[Date "2011.09.11"]
[Round "6.61"]
[White "Ter Akopyan,B"]
[Black "Eppinger,G"]
[Result "1-0"]
[WhiteElo "2042"]
[BlackElo "2197"]

1.e4 c5 2.Nf3 Nc6 3.Bb5 g6 4.O-O Bg7 5.Nc3 e5 6.Re1 Nge7 7.Nd5 d6 8.d4 O-O
9.dxc5 dxc5 10.c3 f6 11.Be3 b6 12.Qa4 Bb7 13.Nxe7+ Nxe7 14.Rad1 Qc8 15.Rd7 a6
16.Bc4+ Kh8 17.Rxe7 b5 18.Qb3  1-0